Statistics for Former countries of the USSR, in order of independence

Click here to take the quiz!

General Stats

  • This quiz has been taken 757 times
  • The average score is 12 of 15

Answer Stats

Date of IndependenceCountry% Correct
March 11, 1990Lithuania
96%
August 20, 1991Estonia
88%
August 21, 1991Latvia
88%
April 9, 1991Georgia
86%
August 24, 1991Ukraine
86%
August 25, 1991Belarus
83%
December 16, 1991Kazakhstan
83%
August 31, 1991Uzbekistan
78%
August 30, 1991Azerbaijan
77%
August 27, 1991Moldova
77%
September 9, 1991Tajikistan
77%
August 31, 1991Kyrgyzstan
75%
October 27, 1991Turkmenistan
75%
December 12, 1991Russia
74%
September 21, 1991Armenia
72%

Score Distribution

Percentile by Number Answered

Percent of People with Each Score

Your Score History

You have not taken this quiz